000 00687nam a2200265Ia 4500
003 OSt
005 20260216151337.0
008 210210b2016 xxu||||| |||| 00| 0 eng d
020 _a9781780767376
040 _cAL
041 _aeng
082 _a384.55 WHES
100 _aHelen Wheatley
_9255113
245 _aSpectacular television
_b: exploring televisual pleasure
260 _aLondon
_bI B Tauris
_c2016
300 _axii,276p
650 _atelevisual
_9255114
650 _atelevision:
_9255115
650 _aSpectacular
_9255116
650 _apleasure
_9255117
650 _aexploring
_9255118
690 _aCommunication
_9255119
906 _a071322
942 _2ddc
_cBK
999 _c120636
_d120636